000 01608nam0a22003251 4500
001 rc\3378085
005 20250609230536.0
021 _aRU
_b[72-26908]
035 _a(NLR Aleph) 007544210
090 _a9781192
_c9781192
100 _a20130115d1971 |||y0rusy50 ca
101 0 _arus
102 _aRU
105 _aa z |||||
200 1 _aРаспределение напряжений вокруг горных выработок
_e(Полная алгоритмизация задач о концентрации напряжений около одиночных незакрепл. горных выработок)
_fАН КиргССР. Ин-т физики и механики горных пород
210 _aФрунзе
_cИлим
_d1971
215 _a130 с.
_cчерт.
_d20
300 _aВ вып. дан. 1-й авт.: Степан Григорьевич [!] Авершин
300 _aПеред загл. авт.: С.Г. Авершин, В.Н. Груздев, С.А. Балалаева
320 _aСписок лит.: с. 44 (8 назв.)
606 _aГорное давление
_xРасчет на вычислительных машинах
_2psbo
700 1 _7ca
_8rus
_aАвершин
_bС. Г.
_f1901-1972
_gСтепан Гаврилович
_9168636
_3RU\NLR\AUTH\770168685
701 1 _aГруздев
_bВ.Н.
_gВалерий Николаевич
701 1 _aБалалаева
_bС.А.
_gСветлана Андреевна
801 0 _aRU
_bNLR
_gpsbo
801 1 _aRU
_bELAR
_2rusmarc
852 _aNLR
_j72-3/3667
942 _cBOOK
980 _aNB